| 000 | 01092nam a2200205Ia 4500 | ||
|---|---|---|---|
| 003 | Ost | ||
| 005 | 20260507075019.0 | ||
| 008 | 260507s9999||||xx |||||||||||||| ||und|| | ||
| 020 | _a977270594x | ||
| 040 | _cfsecg | ||
| 041 | _aara | ||
| 082 | _a379.12 | ||
| 100 |
_aعابدين، محمود عباس _eمؤلف |
||
| 245 | 0 |
_aعلم اقتصاديات التعليم الحديث / _c محمود عباس عابدين |
|
| 260 |
_aالقاهرة: _bالدار المصرية اللبنانية, _c2000 |
||
| 300 |
_a373 صفحة؛ _bإيضاحات ؛ _c25 سم |
||
| 520 | _aعلم اقتصاديات التعليم: النشأة والتعريف، وتطور المجالات ،عوائد التعليم بين الضيق والشامل،تحليل الكلفة-الفعالية والإختيار بين بدائل السياسة التربوية،دالة الإنتاج التربوي والإستخدام الأمثل للموارد التربوية،الجودة واقتصادياتها في التربية | ||
| 653 | _aالتعليم- اقتصاديات | ||
| 942 | _cكتاب | ||
| 999 |
_c42252 _d42252 |
||